|
|
|
|
| LEADER |
00654nab a2200181 i 4500 |
| 001 |
acta21906 |
| 005 |
20210526144513.0 |
| 008 |
161015s1979 hu o 0|| eng d |
| 022 |
|
|
|a 0563-0592
|
| 040 |
|
|
|a SZTE Egyetemi Kiadványok Repozitórium
|b hun
|
| 041 |
|
|
|a eng
|
| 100 |
1 |
|
|a Juhász Miklós
|
| 245 |
1 |
0 |
|a Dispersed Matoniaceae spores from the Hungarian Lower and Middle Cretaceous sediments
|h [elektronikus dokumentum] /
|c Juhász Miklós
|
| 260 |
|
|
|c 1979
|
| 300 |
|
|
|a 33-47
|
| 490 |
0 |
|
|a Acta biologica
|v 25 No. 1-2
|
| 695 |
|
|
|a Természettudomány
|
| 856 |
4 |
0 |
|u http://acta.bibl.u-szeged.hu/21906/1/biologica_025_fasc_001_002_033-047.pdf
|z Dokumentum-elérés
|